[Event "POR-ch Seniors 50"]
[Site "Peniche"]
[Date "2023.06.08"]
[Round "3"]
[White "Gaboleiro, Guilherme F Salgado"]
[Black "Fernandes, Paola Helena da Sil"]
[Result "1/2-1/2"]
[WhiteElo "1789"]
[BlackElo "1702"]
[PlyCount "52"]
[EventDate "2023.06.06"]
[EventType "swiss"]
[EventRounds "5"]
[EventCountry "POR"]
[SourceTitle "CBM 214 Extra"]
[Source "ChessBase"]
[SourceDate "2023.07.31"]
[SourceVersion "1"]
[SourceVersionDate "2023.07.31"]
[SourceQuality "1"]

1. Nf3 Nf6 2. g3 g6 3. Bg2 Bg7 4. d3 0-0 5. 0-0 d6 6. h3 Bd7 7. e4 c5 8. e5 Ne8 9. exd6 Nxd6 10. Nc3 Bc6 11. Qe2 Nf5 12. Ne4 b6 13. c3 Nd7 14. Bg5 Re8 15. g4 Nd6 16. Nxd6 exd6 17. Bxd8 Rxe2 18. Bg5 Rxb2 19. d4 Re8 20. Be3 Rc2 21. Rfc1 Rxc1+ 22. Rxc1 Nf6 23. c4 Be4 24. dxc5 dxc5 25. Rd1 Kf8 26. Bf4 Bc6 1/2-1/2

[Event "POR CupT Associations"]
[Site "Bombarral"]
[Date "2015.10.18"]
[Round "3.2"]
[White "Gaboleiro, Guilherme F Salgado"]
[Black "Castro, Francisco Manuel Fe"]
[Result "0-1"]
[WhiteElo "1974"]
[BlackElo "2087"]
[PlyCount "90"]
[EventDate "2015.10.17"]
[EventType "team-k.o."]
[EventRounds "3"]
[EventCountry "POR"]
[SourceTitle "EXT 2018"]
[Source "ChessBase"]
[SourceDate "2017.10.13"]
[SourceVersion "1"]
[SourceVersionDate "2017.10.13"]
[SourceQuality "1"]
[WhiteTeam "Bombarral"]
[BlackTeam "Sao Joao da Madeira"]
[WhiteTeamCountry "POR"]
[BlackTeamCountry "POR"]

1. Nf3 Nf6 2. g3 c6 3. Bg2 d5 4. d3 Nbd7 5. 0-0 e5 6. Nbd2 Bd6 7. e4 0-0 8. c3 Re8 9. h3 a5 10. a4 b6 11. Re1 Bb7 12. Nf1 h6 13. Nh4 dxe4 14. dxe4 Nc5 15. Qc2 Bf8 16. Rd1 Qc7 17. Be3 Rad8 18. b4 axb4 19. cxb4 Ne6 20. Qc4 Rxd1 21. Rxd1 Rd8 22. Ra1 Nd4 23. Nf5 c5 24. Nxd4 exd4 25. Bf4 Qc6 26. b5 Qd7 27. Re1 Re8 28. Qd3 Qe6 29. g4 Nd7 30. Ng3 g5 31. Bd2 Ne5 32. Qb1 Qc4 33. a5 bxa5 34. Bxa5 Ra8 35. Bc7 Qe6 36. Rd1 Ra4 37. Bf1 Ra3 38. b6 Rb3 39. Qc1 Rc3 40. Qb1 Nf3+ 41. Kg2 Nh4+ 42. Kg1 Bg7 43. Kh2 Be5 44. Bxe5 Qxe5 45. Bd3 Qf4 0-1

[Event "Lisbon Alekhine op"]
[Site "Lisbon"]
[Date "2004.02.24"]
[Round "6"]
[White "Marques, Rui Filipe Pereira"]
[Black "Gaboleiro, Guilherme F Salgado"]
[Result "0-1"]
[WhiteElo "1943"]
[BlackElo "1943"]
[PlyCount "120"]
[EventDate "2004.02.20"]
[EventType "swiss"]
[EventRounds "6"]
[EventCountry "POR"]
[SourceTitle "EXT 2005"]
[Source "ChessBase"]
[SourceDate "2004.11.15"]
[SourceVersion "1"]
[SourceVersionDate "2004.11.15"]
[SourceQuality "1"]

1. e4 c5 2. Nf3 Nc6 3. d4 cxd4 4. Nxd4 g6 5. c4 Bg7 6. Be3 Nf6 7. Nc3 0-0 8. Be2 d6 9. 0-0 Nd7 10. Kh1 Nxd4 11. Bxd4 Bxd4 12. Qxd4 Qb6 13. Qd2 Nc5 14. f4 f5 15. exf5 Bxf5 16. Bf3 e6 17. b3 Rad8 18. Qe3 Qb4 19. Rad1 a6 20. Rd2 b5 21. cxb5 axb5 22. Rd4 Qa3 23. Nxb5 Qxa2 24. Rxd6 Nxb3 25. g4 Nd2 26. Qe2 Rxd6 27. Nxd6 Bd3 28. Qxd3 Nxf1 29. Qxf1 Rxf4 30. Qd1 Rb4 31. Be4 Rb2 32. Qg1 Qa6 33. Qc1 Qxd6 34. Qxb2 Qd1+ 35. Kg2 Qxg4+ 36. Kf2 Qxe4 37. Qb8+ Kg7 38. Qc7+ Kh6 39. Qe7 Qf4+ 40. Ke2 Qxh2+ 41. Kf3 Qh5+ 42. Ke4 Qf5+ 43. Kd4 e5+ 44. Kc3 Qg5 45. Qf8+ Kh5 46. Qf3+ Qg4 47. Qh1+ Qh4 48. Qf3+ Kg5 49. Qf8 Qd4+ 50. Kc2 Qe4+ 51. Kc3 h5 52. Qe7+ Kg4 53. Kb2 g5 54. Qd7+ Kg3 55. Kc1 h4 56. Qd1 Qc4+ 57. Kb1 Qb4+ 58. Kc1 Qc3+ 59. Kb1 Qe3 60. Qa4 h3 0-1

[Event "Lisbon Alekhine op"]
[Site "Lisbon"]
[Date "2004.02.22"]
[Round "2"]
[White "Silva, Avelino Jose Branqu"]
[Black "Gaboleiro, Guilherme F Salgado"]
[Result "1-0"]
[WhiteElo "1748"]
[BlackElo "1943"]
[PlyCount "49"]
[EventDate "2004.02.20"]
[EventType "swiss"]
[EventRounds "6"]
[EventCountry "POR"]
[SourceTitle "EXT 2005"]
[Source "ChessBase"]
[SourceDate "2004.11.15"]
[SourceVersion "1"]
[SourceVersionDate "2004.11.15"]
[SourceQuality "1"]

1. e4 c5 2. Nf3 Nc6 3. Bb5 g6 4. Bxc6 bxc6 5. 0-0 d6 6. c3 Bg7 7. d3 Nf6 8. h3 0-0 9. Be3 e5 10. Na3 Nd7 11. d4 cxd4 12. cxd4 Rb8 13. dxe5 Nxe5 14. Nxe5 Bxe5 15. Nc4 Bg7 16. Bd4 d5 17. Bxg7 Kxg7 18. Qd4+ Qf6 19. e5 Qe6 20. Nd6 Ba6 21. Rfc1 Rb6 22. b4 Rfb8 23. a3 Bc8 24. Rc3 f6 25. exf6+ 1-0

[Event "Batalha dos Mestres op 2nd"]
[Site "Lisbon"]
[Date "2003.10.08"]
[Round "6.9"]
[White "Gaboleiro, Guilherme F Salgado"]
[Black "Lopes, Rui Barreira"]
[Result "1-0"]
[WhiteElo "2191"]
[BlackElo "1953"]
[PlyCount "61"]
[EventDate "2003.10.01"]
[EventType "swiss"]
[EventRounds "9"]
[EventCountry "POR"]
[SourceTitle "CBM 097 Extra"]
[Source "ChessBase"]
[SourceDate "2004.01.13"]
[SourceVersion "1"]
[SourceVersionDate "2004.01.13"]
[SourceQuality "1"]

1. e4 e5 2. Nf3 Nc6 3. Bb5 a6 4. Bxc6 dxc6 5. h3 Bc5 6. 0-0 Qd6 7. c3 Be6 8. d4 0-0-0 9. Nxe5 f6 10. Nd3 Bxd4 11. Qf3 Be5 12. Nxe5 fxe5 13. Bg5 Nf6 14. Na3 Qd3 15. Qxd3 Rxd3 16. f3 h6 17. Bh4 Rhd8 18. Bg3 Rd2 19. b3 Nd7 20. Rf2 Rd3 21. c4 Re8 22. Nc2 a5 23. Re2 Bf7 24. Ne3 Rd6 25. Nf5 Rf6 26. Be1 b6 27. Nxg7 Rg8 28. Nf5 Be6 29. Ne7+ Kd8 30. Nxg8 Bxg8 31. Bh4 1-0

[Event "POR-ch Aberto"]
[Site "Portugal"]
[Date "2003.??.??"]
[Round "7"]
[White "Antunes, Andre Serigado Mira"]
[Black "Gaboleiro, Guilherme F Salgado"]
[Result "0-1"]
[WhiteElo "1920"]
[BlackElo "1840"]
[PlyCount "150"]
[EventDate "2003.??.??"]
[EventType "swiss"]
[EventRounds "9"]
[EventCountry "POR"]
[SourceTitle "EXT 2007"]
[Source "ChessBase"]
[SourceDate "2006.11.23"]
[SourceVersion "1"]
[SourceVersionDate "2006.11.23"]
[SourceQuality "1"]

1. e4 c5 2. Nf3 Nc6 3. d4 cxd4 4. Nxd4 g6 5. c4 Bg7 6. Be3 Nf6 7. Nc3 Qa5 8. f3 0-0 9. Qd2 d6 10. Be2 Ne5 11. 0-0 Bd7 12. Nd5 Qd8 13. Nc3 Rc8 14. b3 a6 15. Rac1 Bc6 16. Nxc6 Rxc6 17. Rfd1 h5 18. c5 Ned7 19. cxd6 Rxd6 20. Qc2 Rxd1+ 21. Rxd1 Qc7 22. Qd2 e6 23. Bf4 Ne5 24. Na4 b5 25. Nb2 Rc8 26. Nd3 Nfd7 27. Rc1 Qb6+ 28. Be3 Rxc1+ 29. Nxc1 Qc6 30. Bf1 Nf8 31. Ne2 Qd7 32. Qa5 Qd6 33. a4 bxa4 34. bxa4 h4 35. Nf4 g5 36. Nh5 h3 37. Nxg7 hxg2 38. Kxg2 Kxg7 39. Qxa6 Qa3 40. Kf2 Nfg6 41. Be2 Nf4 42. Bxf4 gxf4 43. Qa7 Qa1 44. Qc5 Qb2 45. Qc4 Qa1 46. Qb3 Kg6 47. Qd1 Qa3 48. Qd2 Qxa4 49. Qxf4 Qd4+ 50. Kg2 Kg7 51. h4 Ng6 52. Qg5 Qb2 53. Kf1 Qa1+ 54. Kf2 Qd4+ 55. Ke1 Qc3+ 56. Kd1 Qa1+ 57. Kc2 Qa2+ 58. Kd3 f6 59. Qg3 Qb3+ 60. Kd2 Qb2+ 61. Ke1 Qc1+ 62. Kf2 Qf4 63. h5 Qxg3+ 64. Kxg3 Nf8 65. f4 Nd7 66. Bb5 Nc5 67. Kf3 Kh6 68. Be8 Nd3 69. Ke3 Ne1 70. Kd4 Ng2 71. f5 exf5 72. exf5 Nf4 73. Kc5 Nxh5 74. Bxh5 Kxh5 75. Kd6 Kg4 0-1

[Event "POR-ch Aberto"]
[Site "Portugal"]
[Date "2003.??.??"]
[Round "6"]
[White "Gaboleiro, Guilherme F Salgado"]
[Black "Bravo, Ricardo Antonio Rod"]
[Result "1-0"]
[WhiteElo "1840"]
[BlackElo "1640"]
[PlyCount "53"]
[EventDate "2003.??.??"]
[EventType "swiss"]
[EventRounds "9"]
[EventCountry "POR"]
[SourceTitle "EXT 2007"]
[Source "ChessBase"]
[SourceDate "2006.11.23"]
[SourceVersion "1"]
[SourceVersionDate "2006.11.23"]
[SourceQuality "1"]

1. e4 c6 2. d4 d5 3. Nd2 dxe4 4. Nxe4 Nd7 5. Bc4 Ngf6 6. Ng5 e6 7. Qe2 Nb6 8. Bb3 Qxd4 9. N1f3 Qd8 10. Ne5 Qe7 11. Ngxf7 Rg8 12. Ng5 g6 13. 0-0 Bh6 14. Re1 Nfd5 15. Nef3 Bd7 16. c4 Nc7 17. a4 Rf8 18. a5 Nc8 19. Nxe6 Qxe6 20. Qd1 Bg7 21. Rxe6+ Bxe6 22. Qe2 h6 23. Be3 Kf7 24. Bc5 Re8 25. Ne5+ Bxe5 26. Qxe5 Na6 27. Bd4 1-0

[Event "POR-ch Aberto"]
[Site "Portugal"]
[Date "2003.??.??"]
[Round "3"]
[White "Gaboleiro, Guilherme F Salgado"]
[Black "Lopes, Jose Manuel Cidreir"]
[Result "1/2-1/2"]
[WhiteElo "1840"]
[BlackElo "1685"]
[PlyCount "132"]
[EventDate "2003.??.??"]
[EventType "swiss"]
[EventRounds "9"]
[EventCountry "POR"]
[SourceTitle "EXT 2007"]
[Source "ChessBase"]
[SourceDate "2006.11.23"]
[SourceVersion "1"]
[SourceVersionDate "2006.11.23"]
[SourceQuality "1"]

1. e4 e5 2. Nf3 Nc6 3. Bb5 Nf6 4. 0-0 Nxe4 5. Re1 Nd6 6. Nxe5 Nxe5 7. Rxe5+ Be7 8. Ba4 0-0 9. d4 Bf6 10. Re1 Nf5 11. c3 d5 12. Bf4 Bg5 13. Qd2 Bxf4 14. Qxf4 Nh4 15. Nd2 Ng6 16. Qg3 c6 17. Bc2 Qf6 18. Bxg6 Qxg6 19. Qxg6 hxg6 20. Nf3 f6 21. Re7 Rf7 22. Rae1 Bf5 23. Nd2 Kf8 24. R7e3 b5 25. a3 Bd7 26. Nf3 g5 27. Nd2 Re8 28. Nb3 Rxe3 29. Rxe3 Re7 30. Nc5 Bf5 31. Kf1 Rxe3 32. fxe3 a5 33. Kf2 Ke7 34. Kf3 a4 35. Na6 Kd6 36. Nb4 c5 37. Na2 Be4+ 38. Kf2 Bf5 39. Nc1 c4 40. Ne2 g6 41. Ng3 Bd3 42. Kf3 f5 43. Nh1 Ke6 44. Nf2 Bc2 45. Ke2 f4 46. Ng4 Kf5 47. Ne5 Be4 48. g4+ fxg3 49. hxg3 g4 50. Nc6 Bf3+ 51. Kf2 Ke4 52. Nb4 Bd1 53. Ke1 Bf3 54. Kd2 Bg2 55. Ke2 Bf3+ 56. Kf2 g5 57. Nc2 Bd1 58. Nb4 Bf3 59. Nc2 Bd1 60. Ne1 Bb3 61. Ke2 Ba2 62. Nc2 Bb1 63. Nb4 Bd3+ 64. Kf2 Bb1 65. Ke2 Bd3+ 66. Kf2 Bb1 1/2-1/2

[Event "Batalha dos Mestres op 1st"]
[Site "Lisbon"]
[Date "2002.10.24"]
[Round "9.6"]
[White "Santos, Ricardo"]
[Black "Gaboleiro, Guilherme F Salgado"]
[Result "1-0"]
[WhiteElo "2058"]
[BlackElo "2175"]
[PlyCount "63"]
[EventDate "2002.10.13"]
[EventType "swiss"]
[EventRounds "9"]
[EventCountry "POR"]
[SourceTitle "EXT 2003"]
[Source "ChessBase"]
[SourceDate "2002.11.25"]
[SourceVersion "1"]
[SourceVersionDate "2002.11.25"]
[SourceQuality "1"]

1. e4 c5 2. Nf3 Nc6 3. d4 cxd4 4. Nxd4 g6 5. Nc3 Bg7 6. Be3 Nf6 7. Nxc6 bxc6 8. e5 Ng8 9. Bd4 f6 10. f4 fxe5 11. fxe5 Qa5 12. Qd2 Bxe5 13. 0-0-0 Bxd4 14. Qxd4 Nf6 15. Be2 Rb8 16. Ne4 0-0 17. Nxf6+ Rxf6 18. a3 Qb6 19. Qc3 d5 20. Bf3 Re6 21. Rd4 Bb7 22. h4 c5 23. Rxd5 Rf6 24. Rxc5 Bxf3 25. gxf3 Rbf8 26. h5 Rxf3 27. Qc4+ e6 28. hxg6 hxg6 29. Re5 Re3 30. Rg5 Rf5 31. Qh4 Re1+ 32. Rxe1 1-0

[Event "Batalha dos Mestres op 1st"]
[Site "Lisbon"]
[Date "2002.10.13"]
[Round "1.1"]
[White "Dias, Paulo Jorge Guimara"]
[Black "Gaboleiro, Guilherme F Salgado"]
[Result "1-0"]
[WhiteElo "2347"]
[BlackElo "2175"]
[PlyCount "77"]
[EventDate "2002.10.13"]
[EventType "swiss"]
[EventRounds "9"]
[EventCountry "POR"]
[SourceTitle "EXT 2003"]
[Source "ChessBase"]
[SourceDate "2002.11.25"]
[SourceVersion "1"]
[SourceVersionDate "2002.11.25"]
[SourceQuality "1"]

1. d4 Nf6 2. Nf3 d5 3. c4 c6 4. Nc3 e6 5. Bg5 Nbd7 6. e3 Qa5 7. cxd5 exd5 8. Nd2 h6 9. Bh4 Bd6 10. Bd3 Qc7 11. Bg3 Bxg3 12. hxg3 Nf8 13. b4 a6 14. a4 Qd6 15. Rb1 Ng6 16. Qc2 Ne7 17. b5 axb5 18. axb5 g6 19. bxc6 bxc6 20. 0-0 0-0 21. Na4 Ba6 22. Nb6 Bxd3 23. Qxd3 Ra2 24. Rb3 Kg7 25. Rfb1 Ng4 26. R3b2 Ra3 27. Qe2 h5 28. e4 Re8 29. Nbc4 dxc4 30. Nxc4 Qxd4 31. Nxa3 Nf5 32. Rb4 Nxg3 33. Qf3 Qxf2+ 34. Qxf2 Nxf2 35. Kxf2 Nxe4+ 36. Kg1 c5 37. Rb8 Re7 38. R8b7 Re5 39. Re1 1-0